[Event "Davos Summer op"]
[Site "Davos"]
[Date "2020.07.09"]
[Round "1"]
[White "Mattenberger, Matthias"]
[Black "Uliyanova, Flora"]
[Result "1-0"]
[WhiteElo "1865"]
[BlackElo "1356"]
[PlyCount "67"]
[EventDate "2020.07.09"]
[EventType "swiss"]
[EventRounds "5"]
[EventCountry "SUI"]
[SourceTitle "CBM 197 Extra"]
[Source "ChessBase"]
[SourceDate "2020.09.30"]
[SourceVersion "1"]
[SourceVersionDate "2020.09.30"]
[SourceQuality "1"]

1. d4 Nf6 2. c4 g6 3. Nc3 Bg7 4. e4 d6 5. Nf3 0-0 6. Be2 Nbd7 7. 0-0 c5 8. d5 a6 9. h3 Qc7 10. Bf4 Qd8 11. Nd2 Re8 12. Bh2 Qb6 13. Qc2 Qd8 14. f4 Nb6 15. a4 Rf8 16. Nf3 Ne8 17. e5 Nd7 18. Rae1 Nc7 19. Bd3 f5 20. Ng5 h6 21. exd6 exd6 22. Ne6 Nxe6 23. dxe6 Re8 24. exd7 Rxe1 25. Rxe1 Bxd7 26. Nd5 Qh4 27. Kf1 Re8 28. Rxe8+ Bxe8 29. Qe2 Bxa4 30. Qe6+ Kh7 31. Ne7 h5 32. Qxg6+ Kh8 33. Bxf5 Qxe7 34. Qh7# 1-0